Toma de decisiones para líderes : el proceso analítico jerárquico la toma de decisiones en un mundo complejo /
Guardado en:
| Autor Principal: | |
|---|---|
| Formato: | Libro |
| Idioma: | Spanish |
| Publicado: |
Pittsburgh, PA :
RWS Publications,
c1997.
|
| Materias: | |
| Etiquetas: |
Agregar Etiqueta
Sin Etiquetas, Sea el primero en etiquetar este registro!
|
| LEADER | 00633nam a22001695a 4500 | ||
|---|---|---|---|
| 001 | EAD.ead000528 | ||
| 008 | 060828s1997####xxu###########000#0#spa#d | ||
| 005 | 20060905123413.0 | ||
| 245 | 1 | 0 | |a Toma de decisiones para líderes : |b el proceso analítico jerárquico la toma de decisiones en un mundo complejo / |c Thomas L. Saaty. |
| 260 | |a Pittsburgh, PA : |b RWS Publications, |c c1997. | ||
| 300 | |a 424 p. ; |c 23 cm. | ||
| 020 | |z 0888603011 | ||
| 100 | 1 | |a Saaty, Thomas L. | |
| 082 | 0 | 4 | |a 658.403 |2 21 |
| 650 | 7 | |a Toma de decisiones. |2 unbist | |
| 653 | |a Proceso analítico jerárquico | ||
| 859 | |a AR-BaBDC |b BIB. ADMINISTRACION - Libros |h 658.403 |i Sa12 |p b05375 | ||
